Score 0/24 Timer 03:00
0 Plays Today
Movie Missing Word % Correct
The Wolf of Wall ______Street
98.1%
Now You See ___Me
88.5%
Blue Is the Warmest ______Color
81.9%
12 Years a ______Slave
81.8%
Monsters _________University
78.3%
The Lone ________Ranger
77.6%
Oz the Great and ________Powerful
76.3%
The Secret Life of Walter ______Mitty
76.3%
Ender's _____Game
75.3%
The Great _______Gatsby
73%
Star Trek Into ___________Darkness
71.1%
Saving Mr. ______Banks
69.6%
Movie Missing Word % Correct
Pacific ____Rim
69.4%
Anchorman 2: The Legend ________Continues
67.6%
The Hobbit: The Desolation of ______Smaug
67.4%
Man of ______Steel
62.9%
August: Osage ______County
50.4%
Thor: The Dark ______World
44.1%
American _______Hustle
43.6%
Percy Jackson: Sea of __________Monsters
43.3%
Warm ______Bodies
41.4%
Lee Daniels' The ______Butler
40.7%
Gangster ______Squad
27.1%
Beautiful __________Creatures
21.4%

Today's Daily Dose

Missing Word
'T' Pairs

Word Ladder
Game Pieces

Get the Picture
Baseball Movies

Remove Ads.
Support Sporcle.
Get the best of Sporcle when you Go Orange. This ad-free experience offers more features, more stats, and more fun while also helping to support Sporcle. Thank you for becoming a member.

You're not logged in!

Compare scores with friends on all Sporcle quizzes.
OR
Log In

Show Comments

Extras

Top Quizzes Today


Score Distribution

Your Account Isn't Verified!

In order to create a playlist on Sporcle, you need to verify the email address you used during registration. Go to your Sporcle Settings to finish the process.

Report this User

Report this user for behavior that violates our Community Guidelines.

Details: